00882nam a2200205 i 450000100060000000300090000600500170001500700030003200800410003524502420007626000640031830000220038250000570040465000340046170000250049570000200052070000290054085200250056985200820059447866ES-MaACL20230906161641.0t|030619s1879 sp ||||1| spa d00aHistorias de la clínica quirúrgica b: (segundo curso) en la Facultad de Medicina de Madrid. Primer cuaderno / crevisadas por el Doctor Don Juan Creus y Manso ; publicadas por los alumnos de la misma, Félix Creus y José Grinda. aMadrid : b[s.n.], c1879 (fImprenta de F. Maroto e Hijos) a301 p. ; c21 cm. aPrecede al tít.: Año académico de 1878 a 1879. 4aCirugía-vCasos clínicos.1 aCreus y Manso, Juan.0 aCreus, Félix.0 aGrinda y Forner, José. aES-MaACLjG-15437(2) aES-MaACLjT-432-F-14 z.- Anotaciones manuscritas en los márgenes del texto